Для чего нужны машины (Запись № 362076)

Подробности
000 -МАРКЕР
контрольное поле 01105nam0a2200301 4500
001 - ИДЕНТИФИКАТОР ЗАПИСИ
контрольное поле RU\NLR\bibl\1272304
005 - ИДЕНТИФИКАТОР ВЕРСИИ
контрольное поле 20260405091327.0
010 ## - МЕЖДУНАРОДНЫЙ СТАНДАРТНЫЙ НОМЕР КНИГИ (ISBN)
Номер (ISBN) 978-5-9921-0066-2
Тираж 7000
021 ## - НОМЕР ГОСУДАРСТВЕННОЙ РЕГИСТРАЦИИ
Код страны Российская Федерация
Номер 2008-55878
Номер Листа государственной регистраци 3102
021 ## - НОМЕР ГОСУДАРСТВЕННОЙ РЕГИСТРАЦИИ
Код страны Российская Федерация
Номер 2008-1955и
Номер Листа государственной регистраци 109и
021 ## - НОМЕР ГОСУДАРСТВЕННОЙ РЕГИСТРАЦИИ
Код страны Российская Федерация
Номер 2009-87648
Номер Листа государственной регистраци 5516
021 ## - НОМЕР ГОСУДАРСТВЕННОЙ РЕГИСТРАЦИИ
Код страны Российская Федерация
Номер 2011-97568
Номер Листа государственной регистраци 6989
035 ## - ДРУГИЕ СИСТЕМНЫЕ НОМЕРА
Идентификатор записи (NLR Aleph) 001258171
100 ## - ДАННЫЕ ОБЩЕЙ ОБРАБОТКИ
Данные общей обработки 20080911d2007 |||y0rusy50 ca
101 0# - ЯЗЫК РЕСУРСА
Язык текста, звукозаписи и т.д. русский
102 ## - СТРАНА ПУБЛИКАЦИИ ИЛИ ПРОИЗВОДСТВА
Страна публикации Российская Федерация
105 ## - ПОЛЕ КОДИРОВАННЫХ ДАННЫХ: ТЕКСТОВЫЕ МАТЕРИАЛЫ, МОНОГРАФИЧЕСКИЕ
Кодированные данные о монографическом текстовом документе a |||||||||
200 1# - ЗАГЛАВИЕ И СВЕДЕНИЯ ОБ ОТВЕТСТВЕННОСТИ
Основное заглавие Для чего нужны машины
Сведения, относящиеся к заглавию [для детей дошкольного возраста
-- для чтения взрослыми детям
Первые сведения об ответственности худож. Р. Рамазанов]
210 ## - ПУБЛИКАЦИЯ, РАСПРОСТРАНЕНИЕ И ДР.
Место издания, распространения и т.д. Москва
Имя издателя, распространителя и т. д. ЛИНГ
-- ЛИНГ-Книга
Дата издания, распространения и т.д. 2007
215 ## - ФИЗИЧЕСКАЯ ХАРАКТЕРИСТИКА
Специфическое обозначение материала и объем [12] с.
Другие сведения о физической характеристике цв. ил.
Размеры 22
225 1# - СЕРИЯ
Основное заглавие серии Читаем с мамой
702 #1 - ИМЯ ЛИЦА - ВТОРИЧНАЯ ОТВЕТСТВЕННОСТЬ
Код отношения Карикатурист, Художник
Материалы, к которым относится поле rus
Графика поля Кириллица
Начальный элемент ввода Рамазанов
Часть имени, кроме начального элемента ввода Р.
Дополнения к именам, кроме дат художник, писатель
Расширение инициалов личного имени Рустам
Идентификатор авторитетной/нормативной записи RU\NLR\auth\7732757
Системный номер авторитетной/нормативной записи 15765
801 #0 - ИСТОЧНИК ЗАПИСИ
Страна Российская Федерация
Организация NLR
Дата составления 20080911
Правила каталогизации RCR
801 #1 - ИСТОЧНИК ЗАПИСИ
Страна Российская Федерация
Организация NLR
Дата составления 20080911
942 ## - ДОПОЛНИТЕЛЬНЫЕ ЭЛЕМЕНТЫ ЗАПИСИ (АБИС)
Тип экземпляра АБИС Книга
980 ## - КОЛЛЕКЦИЯ
Название коллекции Национальная библиография
Экземпляры
Тип экземпляра Дата поступления Источник поступления Библиотека постоянного хранения Библиотека текущего хранения Место хранения Шифр хранения Штрих-код Статус экземпляра
Книга 11.09.2008 Обязательный экземпляр РНБ (Московский) РНБ (Московский) Русский книжный фонд: издания с 1957 года 2008-6/1249 2751957  
Книга 11.09.2008 Обязательный экземпляр РНБ (Московский) РНБ (Московский) Обменный фонд   2751958  
Книга 07.10.2008 Обязательный экземпляр РНБ (Московский) РНБ (Московский) Обменный фонд   2768043  
Книга 01.02.2010 Обязательный экземпляр РНБ (Московский) РНБ (Московский) Обменный фонд   3091969  
Книга 27.12.2011 Обязательный экземпляр РНБ (Московский) РНБ (Московский) Обменный фонд   3567378  
Книга 27.12.2011 Обязательный экземпляр РНБ (Московский) РНБ (Московский) Обменный фонд   3567379